Artificial intelligence, China, Russia, and the global order : technological, political, global, and creative perspectives /

Bibliographic Details
Main Author: Ahmed, Shazeda (Author)
Other Authors: Wright, Nicholas D., 1978- (Editor)
Format: Government Document eBook
Language:English
Published: Maxwell Air Force Base, Alabama : Air University Press, 2019.
Series:Fairchild series.
Subjects:
Online Access:https://purl.fdlp.gov/GPO/gpo127365

MARC

Tag First Indicator Second Indicator Subfields
LEADER 00000cam a2200000 i 4500
001 in00004097539
005 20200420141704.0
006 m o d f
007 cr mn|||||||||
008 191030s2019 alua ob f000 0 eng
010 |a  2019048636 
020 |a 9781585662951 
020 |a 158566295X 
035 |a (OCoLC)on1126349183 
040 |a DLC  |b eng  |e rda  |e pn  |c DLC  |d OCLCO  |d GPO  |d MvI  |d UtOrBLW 
042 |a pcc 
043 |a a-cc---  |a e-ru---  |a n-us--- 
049 |a WWW 
050 0 0 |a Q335 
074 |a 0422-K-11 (online) 
086 0 |a D 301.26/6-13:AR 7 
245 0 0 |a Artificial intelligence, China, Russia, and the global order :  |b technological, political, global, and creative perspectives /  |c Shazeda Ahmed [and 23 others]. 
264 1 |a Maxwell Air Force Base, Alabama :  |b Air University Press,  |c 2019. 
300 |a 1 online resource (xxvi, 283 pages, that is, 264 pages) :  |b illustrations (chiefly color). 
336 |a text  |b txt  |2 rdacontent 
337 |a computer  |b c  |2 rdamedia 
338 |a online resource  |b cr  |2 rdacarrier 
490 1 |a Fairchild series,  |x 2576-6745 
500 |a At head of title: "Air University Library ; Air University Press." 
500 |a "Nicholas D. Wright, editor"--Cover. 
500 |a "Published by Air University Press in October 2019"--Verso. 
500 |a Page numbers jump from 217 to 237. 
504 |a Includes bibliographical references (pages 237-283). 
588 |a Description based on online resource; title from PDF title page (AF, viewed Nov. 19, 2019). 
650 0 |a Artificial intelligence.  |0 http://id.loc.gov/authorities/subjects/sh85008180 
650 0 |a Technology and state  |z China.  |0 http://id.loc.gov/authorities/subjects/sh2008112653 
650 0 |a Technology and state  |z Russia (Federation)  |0 http://id.loc.gov/authorities/subjects/sh2009102848 
651 0 |a China  |x Foreign relations.  |0 http://id.loc.gov/authorities/subjects/sh85024025 
651 0 |a Russia (Federation)  |x Foreign relations.  |0 http://id.loc.gov/authorities/subjects/sh2005000242 
651 0 |a United States  |x Foreign relations.  |0 http://id.loc.gov/authorities/subjects/sh85140058 
700 1 |a Ahmed, Shazeda,  |e author.  |0 http://id.loc.gov/authorities/names/no2019157620 
700 1 |a Wright, Nicholas D.,  |d 1978-  |e editor.  |0 http://id.loc.gov/authorities/names/n2019044816 
710 2 |a Air University (U.S.).  |b Library (2019- ),  |e issuing body.  |0 http://id.loc.gov/authorities/names/no2019160819 
710 2 |a Air University (U.S.).  |b Press,  |e issuing body.  |0 http://id.loc.gov/authorities/names/n84053207 
776 0 8 |i Print version:  |t Artificial intelligence, China, Russia, and the global order  |w (DLC) 2019048635  |w (OCoLC)1126347523 
830 0 |a Fairchild series.  |0 http://id.loc.gov/authorities/names/no2019171809 
856 4 0 |u https://purl.fdlp.gov/GPO/gpo127365  |t 0 
999 f f |s d797dab5-1e64-3eaf-96cc-2c6000789a3c  |i 2ac8167b-f766-3215-8da4-7afcb900016a  |t 0 
952 f f |a Texas A&M University  |b College Station  |c Electronic Resources  |d Available Online  |t 0  |e D 301.26/6-13:AR 7  |h Superintendent of Documents classification 
998 f f |a D 301.26/6-13:AR 7  |t 0  |l Available Online